Analýza vzťahov genetických markérov ESR, FSHB, HAL, Myf-4 a PRUM k reprodukčným ukazovateľom prasníc

Bibliographic Details
Main Author: Vaňo, Maroš (Author)
Format: Article
Language:Slovak
ISSN:0551-3677
Subjects:

MARC

LEADER 00000nab a2200000 a 4500
001 vtls009002169
003 SK-MaSNL
005 20260304211042.0
008 250507c2005 xo mr|p|||||||000 b|slo
015 |a SNBRB2007/06  |2 snkbucl 
035 |a (uuid)6d49e676-21a3-438f-916b-c999c415c5e0 
035 |a urn:nbn:sk:snk-ab1hmh 
035 |a (urnnbn)urn:nbn:sk:snk:ar-004ucn 
038 |a SNKBUCL 
040 |a SNKBUCL  |b slo  |c SNKBUCL  |e AACR2 
041 0 |a slo 
044 |a xo  |c SK 
080 |a 636.4.082:575.113  |2 1997 
080 |a 575.113  |2 1997 
100 1 |a Vaňo, Maroš  |4 aut  |9 20087 
245 1 0 |a Analýza vzťahov genetických markérov ESR, FSHB, HAL, Myf-4 a PRUM k reprodukčným ukazovateľom prasníc  |c Maroš Vaňo 
500 |a Anotácia doktorandskej dizertačnej práce 
650 0 7 |a prasnice  |2 snkbucl  |9 2806 
650 0 7 |a reprodukčné ukazovatele  |2 snkbucl  |9 1049114 
650 0 7 |a genetické markery  |2 snkbucl  |9 69546 
650 0 7 |a genotyp  |2 snkbucl  |9 19992 
773 0 |t Agriculture = Poľnohospodárstvo  |g Vol. 51, no. 6 (2005), s. 287  |x 0551-3677 
850 |a Slovenská národná knižnica 
852 |a Slovenská národná knižnica 
954 |a odborná, vedecká literatúra pôvodná (slovenská)  |2 lita 
958 |a article27 
958 |a OND 
958 |a EUIPO 
999 |c 3128321  |d 3130251